000 00650nam a2200181Ia 4500
008 090124s9999 xx 000 0 und d
082 _b6293
_a134
100 _aकुलकर्णी ना.वि. (नारायण विनायक)
245 _a नवीन कल्पना
250 _a1
260 _c1942
300 _a82
600 _aकुलकर्णी ना.वि. (नारायण विनायक)
630 _a नवीन कल्पना
700 _aकुलकर्णी ना.वि. (नारायण विनायक)
730 _a नवीन कल्पना
942 _cBOOK
999 _c120234
_d120234